| 000 | 00657nam a2200205 i 4500 | ||
|---|---|---|---|
| 001 | 114711 | ||
| 003 | ES-MaACL | ||
| 005 | 20250903024955.0 | ||
| 007 | t| | ||
| 008 | 070321s1914 sp ||||1| spa d | ||
| 080 | _a517 | ||
| 100 | 1 |
_aRey Pastor, Julio, _d1888-1962 _996535 |
|
| 245 | 1 | 0 |
_aResumen de las lecciones de análisis matemático (primer curso) _b: curso de 1914-1915 / _cexplicadas por Julio Rey Pastor. |
| 260 |
_aMadrid : _b[s.n.], _c1914 ( _fMateu) |
||
| 300 |
_a427 p. ; _c25 cm. |
||
| 597 | _aEjemplar litografiado. | ||
| 650 | 1 | 7 |
_aAnálisis matemático _2embne _99772 |
| 852 |
_aES-MaACL _jA-332 |
||
| 999 |
_c114711 _d114711 |
||